000 00207 a2200097 4500
001 17747
100 _aPaterson, T T
245 _aJob evaluation
260 _a
_bBusiness Books Ltd
_c
090 _c13116
_d13116
942 _aNUST-CAE
_cM
_c3466
999 _c252820
_d252820